Geography Quiz

Random Geography or City Quiz

The Top 30 U. S. Cities for Most Sustainability Quiz Stats

 Plays Quiz not verified by Sporcle

Challenge
Share
Tweet
Embed
Score 0/30 Timer 15:00
0 Plays Today
Rank City/Metro Area % Correct
FifthNew York City, New York
96.2%
Twenty-EighthLos Angeles, California
95.5%
Third Seattle, Washington
93.2%
FirstPortland, Oregon
92.4%
SixthBoston, Massachusetts
91.7%
EighthPhiladelphia, Pennsylvania
89.4%
FourthChicago, Illinois
87.9%
SecondSan Francisco, California
87.1%
Twenty-SixthSan Diego, California
85.6%
FifteenthWashington, D.C.
84.8%
Twenty-FourthDallas, Texas
84.8%
EleventhDenver, Colorado
83.3%
NineteenthAtlanta, Georgia
79.5%
TenthBaltimore, Maryland
78%
SeventhMinneapolis, Minnesota
77.3%
Rank City/Metro Area % Correct
SixteenthCleveland, Ohio
77.3%
ThirteenthAustin, Texas
74.2%
TwentiethKansas City, Missouri
72.7%
Twenty-FirstSan Jose, California
72.7%
TwelfthMilwaukee, Wisconsin
69.7%
ThirtiethColumbus, Ohio
69.7%
FourteenthSacramento, California
68.9%
Twenty-FifthOmaha, Nebraska
55.3%
EighteenthAlbuquerque, New Mexico
53.8%
NinthOakland, California
53%
Twenty-NinthLouisville, Kentucky
49.2%
SeventeenthHonolulu, Hawaii
47%
Twenty-ThirdJacksonville, Florida
47%
Twenty-SecondTucson, Arizona
45.5%
Twenty-SeventhNew Orleans, Louisiana
45.5%

You're not logged in!

Compare scores with friends on all Sporcle quizzes.
Join for Free
OR
Log In

You Might Also Like...

Show Comments

Extras

Top Quizzes Today


Score Distribution

Your Account Isn't Verified!

In order to create a playlist on Sporcle, you need to verify the email address you used during registration. Go to your Sporcle Settings to finish the process.

Report this User

Report this user for behavior that violates our Community Guidelines.

Details: